Reglamento de baloncesto (Registro nro. 11351)
[ vista simple ]
| 000 -CABECERA | |
|---|---|
| Longitud fija campo de control | 00497nam a2200181 a 4500 |
| 003 - • IDENTIFICADOR DELl NÚMERO DE CONTROL | |
| Identificador del número de control | CO-ViMGA |
| 008 - • CÓDIGOS DE INFORMACIÓN DE LONGITUD FIJA | |
| Códigos de información de longitud fija | 141112s2004 ck r 000 u spa d |
| 040 ## - FUENTE DE LA CATALOGACIÓN | |
| Centro catalogador de origen | CO-ViMGA |
| Lengua de catalogación | spa |
| Centro transcriptor | CO-ViMGA |
| 082 ## - • NÚMERO DE LA CLASIFICACIÓN DECIMAL DEWEY | |
| Número de clasificación (R) | R796.323 P373r |
| 100 1# - • PUNTO DE ACCESO PRINCIPAL-NOMBRE DE PERSONA | |
| Nombre de persona | Perea, Rosero Tucidides |
| 245 10 - • TITULO PROPIAMENTE DICHO | |
| Título | Reglamento de baloncesto |
| 300 ## - • DESCRIPCIÓN FÍSICA | |
| Extensión | 193 p : il |
| 590 ## - NOTAS LOCALES | |
| Nota local | Datos de inventario : 05456 |
| 650 14 - • PUNTO DE ACCESO ADICIONAL DE MATERIA - TÉRMINO DE MATERIA | |
| Término de materia o nombre geográfico como elemento inicial | BALONCESTO - REGLAMENTOS |
| 942 ## - ENTRADA DE ELEMENTOS AGREGADOS (KOHA) | |
| Fuente de clasificaión o esquema | Dewey Decimal Classification |
| Koha [por defecto] tipo de item | LIbro |
| Perdido | Fuente de clasificación o esquema | Estado Físico | Restricciones de uso | No para préstamo | Forma de adquisición | Localización permanente | Localización actual | Fecha adquisición | Préstamos totales | Signatura completa | Código de barras | Fecha última consulta | Número de copia | Fecha del precio de reemplazo | Tipo de item de Koha | Serie de enumeración / cronolog&íacute;a |
|---|---|---|---|---|---|---|---|---|---|---|---|---|---|---|---|---|
| Dewey Decimal Classification | Restricted Access | Sala General | Biblioteca Comunitaria - Villavicencio | Biblioteca Comunitaria - Villavicencio | 02/23/2016 | R796.323 P373r | 5021 | 07/26/2017 | Ej. 6 | 07/26/2017 | LIbro | |||||
| Dewey Decimal Classification | Sala General | Biblioteca Comunitaria - Villavicencio | Biblioteca Comunitaria - Villavicencio | 02/23/2016 | R796.323 P373r | 29712 | 02/23/2016 | Ej. 5 | 02/23/2016 | LIbro | ||||||
| Dewey Decimal Classification | Sala General Segundo Piso | Biblioteca Pública Germán Arciniegas - Villavicencio | Biblioteca Pública Germán Arciniegas - Villavicencio | 12/04/2015 | R796.323 P373r | 5381 | 12/04/2015 | Ej. 1 | 12/04/2015 | LIbro | Volumen. 1 | 11/jun/2009 | |||||
| Dewey Decimal Classification | Sala General Segundo Piso | Biblioteca Pública Germán Arciniegas - Villavicencio | Biblioteca Pública Germán Arciniegas - Villavicencio | 12/04/2015 | R796.323 P373r | 5381 - 2 | 07/11/2017 | Ej. 2 | 12/04/2015 | LIbro | Volumen. 1 | 11/jun/2009 |